Industrial Policy for a New Growth Model: A Toolbox for EU-CEE Countries
Salvato in:
| Autore principale: | |
|---|---|
| Altri autori: | , |
| Natura: | Libro |
| Lingua: | inglese |
| Pubblicazione: |
Vienna
The Vienna Institute for International Economic Studies
2023
|
| Soggetti: | |
| Tags: |
Nessun Tag, puoi essere il primo ad aggiungerne!!
|
MARC
| LEADER | 00000nlm a2200000 4500 | ||
|---|---|---|---|
| 001 | 0295663 | ||
| 005 | 20240416114209.8 | ||
| 041 | 0 | |a eng | |
| 044 | |a AT | ||
| 245 | 1 | 0 | |a Industrial Policy for a New Growth Model: A Toolbox for EU-CEE Countries |c Zuzana Zavarská ... [et al.] |
| 264 | 1 | |a Vienna |b The Vienna Institute for International Economic Studies |c 2023 | |
| 300 | |a 145 s. | ||
| 610 | 2 | 0 | |a politika priemyselná |
| 610 | 2 | 0 | |a rast hospodársky |
| 610 | 2 | 0 | |a konvergencia |
| 610 | 2 | 0 | |a stredná Európa |
| 610 | 2 | 0 | |a východná Európa |
| 610 | 2 | 0 | |a Európska únia |
| 100 | 1 | |a Zavarská, Zuzana | |
| 700 | 1 | |a Bykova, Alexandra | |
| 700 | 1 | |a Grieveson, Richard | |